Sociálne zabezpečenie

Bibliographic Details
Main Authors: Rievajová, Eva, 1951- (Author), Husáková, Mária (Author), Ošková, Silvia (Author), Pongrácz, Eva, 1971- (Author), Sika, Peter, 1975- (Author)
Format: Book
Language:Slovak
PhysicalDescription:298 s. tab. 19 cm
Published: V Bratislave Ekonóm 2011
ISBN:9788022531900
Edition:1. vyd.
Subjects:

MARC

LEADER 00000nam a2200000 a 4500
001 vtls010278361
003 SK-MaSNL
005 20260301031742.0
008 240313s2011 xo 000 0 slo
015 |a SNBA2011/08-04205 
020 |a 9788022531900  |q (brož.) 
035 |a 278DEBF5-EC4E-472C-B9A3-75C89C48A077 
035 |a urn:nbn:sk:snk-amjhua 
035 |a urn:nbn:sk:snk-am001y2v 
040 |a SNK  |b slo  |c SNK  |e AACR2 
041 0 |a slo 
044 |a xo  |c SK 
072 7 |a 364  |x Sociálne problémy vyžadujúce podporu a pomoc. Sociálne zabezpečenie  |2 konspekt 
080 |a 364  |2 2001 
080 |a (075.8)  |2 2001 
100 1 |a Rievajová, Eva,  |d 1951-  |4 aut  |9 216101 
245 1 0 |a Sociálne zabezpečenie  |c Eva Rievajová a kolektív 
250 |a 1. vyd. 
260 |a V Bratislave  |b Ekonóm  |c 2011 
300 |a 298 s.  |b tab.  |c 19 cm 
366 |e 300 výt. 
504 |a Bibliogr. s. 291-298 
650 0 7 |a sociálne zabezpečenie  |2 SNKPH  |9 3720 
650 0 7 |a Social security  |2 SNKPHeng  |9 267889 
655 7 |a učebnice vysokých škôl  |2 SNKPH  |9 70191 
655 7 |a Textbooks (higher)  |2 SNKPHeng  |9 276436 
700 1 |a Husáková, Mária  |4 aut  |9 74773 
700 1 |a Ošková, Silvia  |4 aut  |9 68379 
700 1 |a Pongrácz, Eva,  |d 1971-  |4 aut  |9 216082 
700 1 |a Sika, Peter,  |d 1975-  |4 aut  |9 216084 
852 |a Štátna vedecká knižnica v Banskej Bystrici 
919 |a 978-80-225-3190-0 
958 |a NB 
968 |d 36 
999 |c 577257  |d 579187 
952 |a SNK  |b SNK  |y PREZ  |7 0  |p 17A0702918  |o snkSC 145416  |i snk2011/11079  |8 0  |0 0  |1 0  |4 0  |d 2011-05-13  |l 0  |r 2025-07-14 00:00:00  |w 2026-02-23 
952 |a SNK  |b SNK  |y VYP  |7 0  |p 17A0702919  |o snkSC 145416 D1  |i snk2011/11080  |8 0  |0 0  |1 0  |4 0  |d 2011-05-13  |f 1  |l 0  |r 2026-02-23 14:37:45  |w 2026-02-23